000 00538nam a22001937a 4500
003 OSt
005 20140310182907.0
008 130128t xxu||||| |||| 00| 0 eng d
050 _aBX 2063
_bP227 1969
082 _aFIL 248.2
_bP21 1969
245 _aThe way of life :
_b my faithful friend and true companion /
_cParedes, Cirilo J.
260 _a[s.l.] :
_b[s.n.],
_c1969.
300 _axxx, 615 p. :
_biil. ;
_c24 cm.
521 _aCollege
526 _c1210L-1700L
541 _j1
562 _e1
942 _2lcc
_cBK
_kFIL
999 _c17169
_d17169